000
00194 a2200097 4500
020
_a
9780545903394
041
_a
eng
100
_a
Barker, Scott
245
_a
Write and wipe counting
942
_c
BK
999
_c
30884
_d
30882